Metallica Lyrics – #14: Fade to Black - Statistics

General Stats
  • This quiz has been taken 53 times
  • The average score is 85 of 125
Answer Stats
Answer % Correct
fade
100%
away
97%
I
97%
no
94%
No
94%
to
94%
will
94%
Life,
91%
the
91%
further
88%
have
88%
it
88%
lost
88%
lost,
88%
me
88%
me,
88%
seems,
88%
seems
88%
everyday
85%
for
85%
live
85%
not
85%
Nothing
85%
nothing
85%
Drifting
82%
is
82%
one
82%
more
79%
myself
79%
myself,
79%
else
76%
Getting
76%
give
76%
Simply
76%
There
76%
within
76%
but
70%
end
70%
free
70%
matters,
70%
be
67%
can
67%
of
67%
set
67%
Need
64%
gone
61%
now
61%
Now
61%
can't
55%
feel
55%
he's
55%
it's
55%
this
55%
Death
52%
just
52%
too
52%
was
52%
agony
48%
inside
48%
late
48%
point
48%
real
48%
say
48%
as
45%
goodbye
45%
hell
45%
save
45%
they
45%
try
45%
darkness
42%
Emptiness
42%
filling
42%
never
42%
stand
42%
Things
42%
used
42%
what
42%
Yesterday
42%
Deathly
39%
existed
39%
Missing
39%
should
39%
Cannot
36%
dawn
36%
even
36%
taking
36%
think,
36%
think
36%
though
36%
warm,
36%
why
36%
Growing
33%
greets
30%
No matching quizzes found
Score Distribution
Percent of People with Each Score
Percentile by Number Answered
Your Score History
You have not taken this quiz